Lahore Main Urdu Theatre Ki Riwayat Aur Irtiqa / (Record no. 613166)

000 -LEADER
fixed length control field 00486nam a22001337a 4500
082 ## - DEWEY DECIMAL CLASSIFICATION NUMBER
Classification number 954.9143
Author Mark SAL
245 ## - TITLE STATEMENT
Title Lahore Main Urdu Theatre Ki Riwayat Aur Irtiqa /
Remainder of title By: Dr.Muhammad Salman Bhatti
260 ## - PUBLICATION, DISTRIBUTION, ETC.
Place of publication, distribution, etc. کراچی:
Name of publisher, distributor, etc. بُک ٹائم پبلیکیشنز,
Date of publication, distribution, etc. 2016
300 ## - PHYSICAL DESCRIPTION
Extent 320p.;
563 ## - BINDING INFORMATION
Binding note HB
880 ## - ALTERNATE GRAPHIC REPRESENTATION
Linkage 100-01\r
Title ڈاکٹر محمد سلمان بھٹی
880 ## - ALTERNATE GRAPHIC REPRESENTATION
Linkage 245-02\r
Title لاہور میں اردو تھیٹر کی روایت اور ارتقا
942 ## - ADDED ENTRY ELEMENTS (KOHA)
Source of classification or shelving scheme
Koha item type Book
Holdings
Withdrawn status Lost status Source of classification or shelving scheme Damaged status Not for loan Permanent Location Current Location Date acquired Source of acquisition Total Checkouts Full call number Barcode Date last seen Price effective from Koha item type
          Central Library (CL) Central Library (CL) 03/04/2025 Donation   954.9143 SAL CL-D-2717 03/04/2025 03/04/2025 Book
© 2023 Central Library, National University of Sciences and Technology. All Rights Reserved.